000 00326nam a22001217a 4500
082 _a658.562 HAN
100 _aBANSEN BERTRAND.L
_978665
245 _aQUALITY CONTROL THEORY AND APPLICATIONS
260 _a1963
_bPRENTICE HALL
_cUSA
300 _a498P
650 _aQUALITY CONTROL.QUALITY CONTROL THEORY.
_978666
942 _cBK
999 _c583773
_d583773